Vzdelanie v optike summitu G8 v Petrohrade a budovanie znalostnej ekonomiky

Vzdelanie ako jedna z dôležitých podmienok úspešného rozvoja krajín a regiónov sveta. Problematike vzdelania venuje permanentne veľkú pozornosť aj skupina G8. Rozvojová sféra vzdelávania. Bolonský proces - jedna z ciest realizácie Lisabonskej stratégie. Lisabonská stratégia a Slovensko. Na Slovensku...

ver descrição completa

Na minha lista:
Detalhes bibliográficos
Autor principal: Gonda, Vladimír
Formato: Capítulo de Livro
Idioma:eslovaco
Assuntos:
Tags: Adicionar Tag
Sem tags, seja o primeiro a adicionar uma tag!

MARC

LEADER 00000nla$a2200000$$$4500
001 0053480
005 20240502071623.2
041 0 |a slo 
044 |a SK 
245 1 0 |a Vzdelanie v optike summitu G8 v Petrohrade a budovanie znalostnej ekonomiky  |c Vladimír Gonda 
520 |a Vzdelanie ako jedna z dôležitých podmienok úspešného rozvoja krajín a regiónov sveta. Problematike vzdelania venuje permanentne veľkú pozornosť aj skupina G8. Rozvojová sféra vzdelávania. Bolonský proces - jedna z ciest realizácie Lisabonskej stratégie. Lisabonská stratégia a Slovensko. Na Slovensku sa budovanie znalostnej ekonomiky uskutočňuje v rámci programu Minerva. 
610 2 0 |a vzdelanie 
610 2 0 |a ekonomika vedomostná 
610 2 0 |a Slovensko 
610 2 0 |a G8 
100 1 |a Gonda, Vladimír